Mga Piling epiko / (Record no. 293543)
[ view plain ]
| 000 -LEADER | |
|---|---|
| fixed length control field | 00573nam a2200193Ia 4500 |
| 008 - FIXED-LENGTH DATA ELEMENTS--GENERAL INFORMATION | |
| fixed length control field | 160418s9999 xx 000 0 und d |
| 020 ## - INTERNATIONAL STANDARD BOOK NUMBER | |
| International Standard Book Number | 971-30-0390-X |
| 050 ## - LIBRARY OF CONGRESS CALL NUMBER | |
| Classification number | FIL PL 5546 |
| 050 ## - LIBRARY OF CONGRESS CALL NUMBER | |
| Item number | .P55 1997 c.2 |
| 245 ## - TITLE STATEMENT | |
| Title | Mga Piling epiko / |
| 245 ## - TITLE STATEMENT | |
| Statement of responsibility, etc | sinaliksik at tinipon nina Zenaida Padilla Villanueva, Rachel L. San Miguel. |
| 260 ## - PUBLICATION, DISTRIBUTION, ETC. (IMPRINT) | |
| Place of publication, distribution, etc | Manila : |
| 260 ## - PUBLICATION, DISTRIBUTION, ETC. (IMPRINT) | |
| Name of publisher, distributor, etc | Merriam and Webster Bookstore, Inc., |
| 260 ## - PUBLICATION, DISTRIBUTION, ETC. (IMPRINT) | |
| Date of publication, distribution, etc | 1997 |
| 300 ## - PHYSICAL DESCRIPTION | |
| Extent | 106 pages : |
| 300 ## - PHYSICAL DESCRIPTION | |
| Other physical details | illustrations ; |
| 300 ## - PHYSICAL DESCRIPTION | |
| Dimensions | 22 cm. |
| 650 ## - SUBJECT ADDED ENTRY--TOPICAL TERM | |
| Topical term or geographic name as entry element | Epic literature, Philippines -- Collected works. |
| Withdrawn status | Lost status | Damaged status | Home library | Current library | Shelving location | Date acquired | Cost, normal purchase price | Total Checkouts | Full call number | Barcode | Date last seen | Price effective from | Koha item type |
|---|---|---|---|---|---|---|---|---|---|---|---|---|---|
| South Mansfield College | South Mansfield College | Filipiniana Section | 75.00 | FIL PL 5546 .P55 1997 c.2 | SMC00133 | 04/18/2016 | 04/18/2016 |